Οι μάγισσες του μεσαίωνα
Saved in:
| Main Author: | |
|---|---|
| Format: | Book |
| Language: | Greek |
| Published: |
Αθήνα :
Μάριος Βερέττας,
2006
|
| Subjects: | |
| Tags: |
Add Tag
No Tags, Be the first to tag this record!
|
MARC
| LEADER | 00000nam a2200000 i 4500 | ||
|---|---|---|---|
| 001 | 1/55633 | ||
| 008 | 070921s2006 gre d | ||
| 020 | |a 960-7756-96-7 | ||
| 035 | |l 10090918 | ||
| 040 | |a GR-MY-UA |b gre |e aacr | ||
| 041 | 0 | |a gre | |
| 082 | 0 | |a 133.409 |2 (22) | |
| 100 | 1 | |a Ροΐδης, Εμμανουήλ Δ., |d 1836-1904. | |
| 245 | 1 | 3 | |a Οι μάγισσες του μεσαίωνα / |c Εμμανουήλ Ροΐδης |
| 260 | |a Αθήνα : |b Μάριος Βερέττας, |c 2006 | ||
| 300 | |a 52 σ.; |c 21 εκ. | ||
| 500 | |a Παρατίθεται το αυθεντικό κείμενο και μια διασκευή σε νέα ελληνικα, σε αντικριστές σελίδες | ||
| 650 | 0 | 0 | |a Witchcraft |x History. |
| 852 | |a INST |b SAMOS |e 20070921 |h 133.409 ΡΟΙ |p 005300026972 |q 005300026972 |t BK |y 0 | ||
| 901 | |a BIBL3-2007-3 | ||
| 909 | |a Σ |b 138666 | ||
| 922 | |a 3ΕΛΗ |b 200708 |c ΕΠΕΑΕΚ2/ΤΜΗΜΑ ΜΑΘΗΜΑΤΙΚΩΝ |d Σ. ΠΑΤΑΚΗΣ | ||
| 970 | |a ΜΑΛΑΓΑΡΗ |b ΦΩΤΕΙΝΗ |z 2007/09/21 | ||